000 01007nam a2200205 4500
999 _c5260
_d5260
001 6222
005 20190920123316.0
008 190920b ||||| |||| 00| 0 eng d
020 0 0 _a9789993656132.
090 0 0 _a954.98092 D76d 2011
100 0 0 _aDraktshang, Zhung Dayden.
245 0 0 _aའབྲུག་རྒྱལ་པོ་ཁྲི་རབས་ལྔ་པ་དཔལ་འཇིགས་མེད་གེ་སེར་རྣམ་རྒྱལ་དབང་ཕྱུག་དང་བཙུན་མོ་རྗེ་བཙུན་པདྨོ་རྣམ་གཉིས་ལ་བསྔགས་བརྗོད་ཀྱི་ཚིག་ཕྲེང་བཞུགས་སོ།
_cZhung Dayden Draktshang.
260 0 0 _aThimphu : Bhutan.
_bSung-ran nam-so
_c2011.
300 0 0 _a119 p ; 24 cm.
500 0 0 _aIn Dzongkha.
650 0 0 _aBhutan --King --Pictorial works.
650 0 0 _aJigme Gesar Namgyel Wangchuck̇, King of Bhutan.
942 _2ddc
_cDZONGKHA